[Event "Bilbao op 9th"]
[Site "Bilbao"]
[Date "2016.07.21"]
[Round "8"]
[White "Aguirre Maiz, Aitor"]
[Black "Diaz Herrero, Alvaro"]
[Result "0-1"]
[WhiteElo "1858"]
[BlackElo "2212"]
[PlyCount "46"]
[EventDate "2016.07.13"]
[EventType "swiss"]
[EventRounds "10"]
[EventCountry "ESP"]
[SourceTitle "CBM 173 Extra"]
[Source "ChessBase"]
[SourceDate "2016.08.29"]
[SourceVersion "1"]
[SourceVersionDate "2016.08.29"]
[SourceQuality "1"]

1. d4 Nf6 2. Nf3 g6 3. c4 Bg7 4. Nc3 d5 5. Qb3 dxc4 6. Qxc4 0-0 7. g3 Be6 8. Qb5 Nc6 9. Bg2 Nd5 10. 0-0 a6 11. Qc5 Nb6 12. Rd1 Bg4 13. Ne5 Nxe5 14. dxe5 Qc8 15. f4 Re8 16. Rd3 Nd7 17. Qf2 c6 18. h3 Be6 19. b3 f6 20. exf6 Nxf6 21. Kh2 Bf5 22. Re3 Nd5 23. Nxd5 cxd5 0-1